Սրտիս վերքերը / (Record no. 106152)
[ view plain ]
| 000 -LEADER | |
|---|---|
| fixed length control field | 00594nam a2200193 a 4500 |
| 001 - CONTROL NUMBER | |
| control field | 000290179 |
| 003 - CONTROL NUMBER IDENTIFIER | |
| control field | AM-YeHGA |
| 005 - DATE AND TIME OF LATEST TRANSACTION | |
| control field | 20250618071904.0 |
| 008 - FIXED-LENGTH DATA ELEMENTS--GENERAL INFORMATION | |
| fixed length control field | 031204s ai 000 | arm d |
| 040 ## - CATALOGING SOURCE | |
| Original cataloging agency | AM-YeHGA |
| 041 0# - LANGUAGE CODE | |
| Language code of text/sound track or separate title | arm |
| 090 ## - LOCALLY ASSIGNED LC-TYPE CALL NUMBER (OCLC); LOCAL CALL NUMBER (RLIN) | |
| -- | 107477 |
| 100 1# - MAIN ENTRY--PERSONAL NAME | |
| Personal name | Շահնազարյան, Օշին, |
| Dates associated with a name | 1875-1915 |
| 9 (RLIN) | 766 |
| 245 10 - TITLE STATEMENT | |
| Title | Սրտիս վերքերը / |
| Statement of responsibility, etc. | Աշուղ-Շահնազար. |
| 260 ## - PUBLICATION, DISTRIBUTION, ETC. | |
| Place of publication, distribution, etc. | Կ. Պոլիս : |
| Name of publisher, distributor, etc. | տպ. Ռ. Սագաեան, |
| Date of publication, distribution, etc. | Ա. թ. |
| 300 ## - PHYSICAL DESCRIPTION | |
| Extent | 27 էջ : |
| Other physical details | դիմանկ. ; |
| Dimensions | 18 սմ. |
| 650 14 - SUBJECT ADDED ENTRY--TOPICAL TERM | |
| Topical term or geographic name entry element | Հայ գրականություն |
| General subdivision | Պոեզիա |
| 942 00 - ADDED ENTRY ELEMENTS (KOHA) | |
| Koha issues (borrowed), all copies | 1 |
| Withdrawn status | Lost status | Damaged status | Not for loan | Collection | Home library | Current library | Date acquired | Total checkouts | Total renewals | Full call number | Barcode | Date due | Date last seen | Date last checked out | Price effective from | Koha item type | Public note |
|---|---|---|---|---|---|---|---|---|---|---|---|---|---|---|---|---|---|
| General | Fundamental Scientific Library | Fundamental Scientific Library | 22/12/2016 | 1 | 9 | AI/9668 | FL0047363 | 12/03/2026 | 16/05/2025 | 16/05/2025 | 22/12/2016 | Գրքեր / Books | 30 Days Loan |
ՀՀ Գիտությունների ազգային ակադեմիայի հիմնարար գիտական գրադարան = Fundamental Scientific Library of NAS RA
All site content, except where otherwise noted, is licensed under a